Mi amigo el piano: iniciación musical del niño
Saved in:
| Hovedforfatter: | |
|---|---|
| Format: | Musical Score Bog |
| Sprog: | spansk |
| Udgivet: |
Santiago
Universitaria
1996
|
| Udgivelse: | 30a. ed |
| Fag: | |
| Tags: |
Tilføj Tag
Ingen Tags, Vær først til at tagge denne postø!
|
MARC
| LEADER | 00000ncm a2200000 a 4500 | ||
|---|---|---|---|
| 001 | UCT9881 | ||
| 003 | CL-VaPUC | ||
| 005 | 20220601112138.0 | ||
| 008 | 970412e19960000CL |||||||||||||||||spa|d | ||
| 999 | |c 258228 |d 258226 | ||
| 040 | |c Pontificia Universidad Católica de Valparaíso | ||
| 082 | 0 | 4 | |a Pn786.2193 WAI 1996 |2 21 |
| 100 | 0 | |a Waiss, Elena |e author |9 382962 | |
| 245 | 1 | 0 | |a Mi amigo el piano: iniciación musical del niño |
| 250 | |a 30a. ed | ||
| 260 | |a Santiago |b Universitaria |c 1996 | ||
| 300 | |a 47 p | ||
| 583 | |a last modification |c 19970412 00:00:00 |k Rodrigo Vera | ||
| 650 | 0 | |a Música para niños |2 CL-VaPUC |9 306652 | |
| 650 | 0 | |a Piano, ejercicios y estudio |2 CL-VaPUC |9 328974 | |
| 650 | 7 | |a METODOS |2 CL-VaPUC |9 335948 | |
| 650 | 0 | |a Estudios musicales |2 CL-VaPUC |9 362110 | |
| 942 | |c BK |2 ddc | ||
| 945 | |d 19970412 00:00:00 |a rleighto | ||
| 952 | |0 0 |1 0 |2 ddc |4 0 |6 PN_786_219300000000000_WAI_1996 |7 0 |8 F |9 282157 |a BIBEDU |b BIBEDU |d 2019-11-19 |i 3299627 |l 3 |o Pn786.2193 WAI 1996 |p 3299627 |r 2023-11-22 |s 2022-10-11 |w 2019-11-19 |y PA |k MUS | ||